Normal view
MARC view
- Insurgency
Entry Topical Term
001 - CONTROL NUMBER
- control field: 46311
003 - CONTROL NUMBER IDENTIFIER
- control field: NUST
005 - DATE AND TIME OF LATEST TRANSACTION
- control field: 20210314133507.0
008 - FIXED-LENGTH DATA ELEMENTS
- fixed length control field: 210314|| aca||aabn | a|a d
040 ## - CATALOGING SOURCE
- Original cataloging agency: NUST
- Transcribing agency: NUST
150 ## - HEADING--TOPICAL TERM
- Topical term or geographic name entry element: Insurgency
- Geographic subdivision: Russia (Federation)
- Geographic subdivision: Caucasus, Northern
670 ## - SOURCE DATA FOUND
- Source citation: Work cat.: (NUST): Smith, Sebastian. 46310, Allah's mountains :, 1998.
